00734nam a22001697a 4500003000400000008004100004020001800045082001700063245010500080260005400185300001600239650010100255700002000356942001200376999001700388952015900405OSt260701b |||||||| |||| 00| 0 eng d a9789358874068 a664.02bC45M aMCQ Based Practice Book on Food Technology, Process & Food Engineering/ by Suresh Chandra...[et al.] aNew Delhi : bNew India Publishing Agency, c2025 axix, 544 p. aChemical and Related Technologies | Technology (Applied sciences) | Food technology | Processing aChandra, Suresh 2ddccBK c52532d52532 00102ddc4070aRAUbRAUcGENd2026-07-01eFaith Enterprises g595.00l0o664.02 C45Mp88386r2026-07-01w2026-01-22yBKk Invoice No. FE/11/2025-26